MARC details
| 000 -CABECERA |
| campo de control de longitud fija |
00971nam a2200253 u 4500 |
| 003 - IDENTIFICADOR DEL NÚMERO DE CONTROL |
| campo de control |
MX-MxUPN |
| 005 - FECHA Y HORA DE LA ÚLTIMA TRANSACCIÓN |
| campo de control |
20260415064240.0 |
| 008 - ELEMENTOS DE LONGITUD FIJA--INFORMACIÓN GENERAL |
| campo de control de longitud fija |
190926s2009 mx r 000 0 spa d |
| 020 ## - NÚMERO INTERNACIONAL NORMALIZADO PARA LIBROS |
| Número Internacional Estándar del Libro |
9786074130416 |
| 035 ## - NÚMERO DE CONTROL DEL SISTEMA |
| Número de control de sistema |
UPN01000233118 |
| 040 ## - FUENTE DE LA CATALOGACIÓN |
| Centro catalogador/agencia de origen |
MX-MxUPN |
| Lengua de catalogación |
spa |
| Centro/agencia transcriptor |
MX-MxUPN |
| 050 00 - SIGNATURA TOPOGRÁFICA DE LA BIBLIOTECA DEL CONGRESO |
| Número de clasificación |
LB2892 |
| Número de documento/Ítem |
S7.64 |
| 111 2# - ASIENTO PRINCIPAL--NOMBRE DE REUNION |
| 9 (RLIN) |
43514 |
| Nombre de congreso/reunión o jurisdicción como elemento de entrada |
Seminario Internacional Itinerante : desarrollo de la gestión educativa en México : situación actual y perspectivas ( |
| Fecha del congreso/reunión |
2009 : |
| Sede del congreso/Lugar de la reunión |
México) |
| 245 10 - MENCIÓN DE TÍTULO |
| Título |
Seminario Internacional Itinerante : |
| Resto del título |
desarrollo de la gestión educativa en México : situación actual y perspectivas / |
| Mención de responsabilidad, etc. |
Antonio Bolivar... [et al.]. |
| 250 ## - MENCIÓN DE EDICIÓN |
| Mención de edición |
1a ed. |
| 260 ## - PUBLICACIÓN, DISTRIBUCIÓN, ETC. |
| Lugar de publicación, distribución, etc. |
México : |
| Nombre del editor, distribuidor, etc. |
Universidad Pedagógica Nacional, |
| Fecha de publicación, distribución, etc. |
2009. |
| 300 ## - DESCRIPCIÓN FÍSICA |
| Extensión |
377 p. |
| 650 #4 - ASIENTO SECUNDARIO DE MATERIA - TERMINO TEMATICO |
| Término de materia o nombre geográfico como elemento de entrada |
Escuelas |
| Subdivisión general |
Dirección y organización |
| Subdivisión geográfica |
México |
| 9 (RLIN) |
11302 |
| 650 #4 - ASIENTO SECUNDARIO DE MATERIA - TERMINO TEMATICO |
| Término de materia o nombre geográfico como elemento de entrada |
Evaluación educativa |
| 9 (RLIN) |
4298 |
| 700 1# - ASIENTO SECUNDARIO--NOMBRE DE PERSONAL |
| Nombre de persona |
Bolívar Botía, Antonio |
| 9 (RLIN) |
44248 |
| 905 ## - TIPO DE MATERIAL |
| Tipo de material |
Libro |
| 942 ## - ELEMENTOS DE PUNTO DE ACCESO ADICIONAL (KOHA) |
| Fuente del sistema de clasificación o colocación |
Library of Congress Classification |
| Tipo de ítem Koha |
Libro |